| 000 | 00976nas a2200337 4500 | ||
|---|---|---|---|
| 001 | BR0701257 | ||
| 003 | BR-BrBNA | ||
| 005 | 20231205110632.0 | ||
| 007 | ta | ||
| 008 | 230509b bl.|||p| |||| 00| 00por d | ||
| 040 |
_aBR-BrBNA _bpor _cBiblioteca Nacional de Agricultura |
||
| 041 | _a(Pt) | ||
| 072 | _aQ04 | ||
| 100 | 1 | _aDaniel, A.P. | |
| 100 | 1 | _aBochi, V.C. | |
| 100 | 1 | _aSteffens, C. | |
| 100 | 1 | _aSilva, L.P. da | |
| 100 | 1 | _aEmanuelli, T. | |
| 245 | 1 | _aFracionamento a seco da farinha de aveia e modificação química da fração rica em amido | |
| 650 | _aAVEIA | ||
| 650 | _aFARINHA | ||
| 650 | _aAMIDO | ||
| 650 | _aSIMBIOSE | ||
| 650 | _aÁGUA | ||
| 650 | _aPROPRIEDADE FÍSICO-QUÍMICA | ||
| 650 | _aANÁLISE ESTATÍSTICA | ||
| 650 | _aFIBRA | ||
| 773 | 0 |
_tCiência e Tecnologia de Alimentos (Brazil) _xISSN 0101-2061 _g(Oct-Dec 2006), v. 26(4) p. 936-943 _wBR0701257 |
|
| 909 |
_a202311 _bLúcia _c55 _dLúcia Elande |
||
| 942 |
_2AGRIS _n0 _cANA |
||
| 999 |
_c188290 _d188290 |
||